| 000 | 00763aam a2200301 4500 | ||
|---|---|---|---|
| 005 | 20251215141953.0 | ||
| 008 | 150731b1991 xxu||||| |||| 00| 0 spa d | ||
| 020 | _a843452533 | ||
| 041 | _aESP | ||
| 082 | _a617.6 D272e2 | ||
| 100 |
_aDawson, Peter E _918065 |
||
| 245 | _aEvaluación, diagnóstico y tratamiento de los problemas oclusales | ||
| 250 | _a2 edición | ||
| 260 | _aEspaña | ||
| 260 | _bSalvat-Editores | ||
| 260 | _c1991 | ||
| 300 | _a641 páginas | ||
| 300 | _bIlustraciones | ||
| 490 | _aMecánica Dental | ||
| 650 | _aODONTOLOGÍA | ||
| 650 | _aANATOMÍA DENTAL | ||
| 650 | _aOCLUSIÓN | ||
| 650 | _aMALOCLUSIÓN | ||
| 650 | _aRESTAURACIÓN OCLUSAL | ||
| 650 | _aBRUXISMO | ||
| 650 | _aFERULIZACIÓN | ||
| 942 |
_cBK _2ddc |
||
| 999 |
_c495 _d495 |
||